00738 a2200217 450000500170000001000130001702000240003003500130005403700160006708200100008324500980009326000370019127000150022830000250024350000100026870000280027870000290030694200290033599900190036495201370038320240501155545.0 aB-758834 a9780821368763c0.00 aB-758834 bGift/Unesco a307.1 aEnding Poverty in South Asia Ideas That Work/bEdited By- Deepa Narayan [and] Elena Glinskaya aWashingtonbThe World Bankc2007 aWashington a400 p.;c22cm. (pb) aIndex aNarayan , Deepa 965391 aGlinskaya, Elena 965392 adplcEN2ddch307.1mEND c202498d202498 001040708NFICaBNbBNd2024-05-01eGift/29.4.24g0.00l0o307.1 ENDpB-758834r2024-10-10 00:00:00t1v0.00w2024-05-01yENzGift